| 000 | 00411nam a2200169Ia 4500 | ||
|---|---|---|---|
| 008 | 210210b1926 xxu||||| |||| 00| 0 eng d | ||
| 041 | _aeng | ||
| 082 | _a513/111 | ||
| 100 | _aPARSONS (G L) | ||
| 245 | _aElementary integral calculus | ||
| 260 |
_aLondon _bCambridge University Press _c1926 |
||
| 650 | _aintegral | ||
| 650 | _aElementary | ||
| 650 | _acalculus | ||
| 690 | _aCalculus | ||
| 906 | _a007391 | ||
| 999 |
_c139882 _d139882 |
||